00635cam a22002057a 4500003000500000005001700005008004100022010001000063011001000073035001000083040000900093100003400102245008300136260004000219300001900259502008100278650002900359650003000388650001100418CHAP20220329141414.0971013s1988 r 00010 d a67644 a68616 a78089 cCHAP00aGalíndez Espinosa, Rogelio. 0aGuía para la producción de rosas en invernadero en el estado de Guanajuato aChapingo, Méx. :bEl autor,c1988 a79 h.b: ilus. aTesis (Ing. Agr. Esp. en Irrigación) -- UACH. Departamento de Irrigación14aCultivos en invernadero.14aFloriculturaxGuanajuato.14aRosas.